Statistics for Disney characters beginning with the letter T

Click here to take the quiz!

General Stats

  • This quiz has been taken 53 times
  • The average score is 4 of 13

Answer Stats

Answer% Correct
Tiana
78%
Timon
59%
Tarzan
48%
Tigger
46%
Thumper
37%
Tinker bell
33%
Tramp
33%
Thomas
28%
Tiger Lily
15%
Tweedle dee
15%
Tweedle dum
15%
Tadashi Hamada
7%
Terence
4%

Score Distribution

Percentile by Number Answered

Percent of People with Each Score

Your Score History

You have not taken this quiz